Teuerste Transfers von Schalke 04 (Zugänge) - Statistiken

Allgemein
  • Dieses Quiz wurde 283 mal gespielt
    193 seit der letzten Aktualisierung
  • Das Durchschnittsergebnis liegt bei 20 aus 48
Antwortstatistiken
Saison Mio € Vorher Spieler % Korrekt
16/17 26,5 Basel Breel Embolo
97%
18/19 16 Bayern Sebastian Rudy
93%
17/18 19 Tottenham Nabil Bentaleb
83%
10/11 14 AC Mailand Klaas-Jan Huntelaar
80%
19/20 15 Stuttgart Ozan Kabak
69%
17/18 8 Nantes Amine Harit
62%
10/11 11 Atletico José Manuel Jurado
62%
18/19 9 Man City Rabbi Matondo
62%
19/20 10 Düsseldorf Benito Raman
61%
08/09 10 Eindhoven Jefferson Farfán
61%
18/19 11 Mainz Suat Serdar
60%
99/00 5,15 Bröndby Ebbe Sand
57%
15/16 10,5 Mainz Johannes Geis
57%
18/19 7 Hannover Salif Sané
57%
17/18 12,5 FC Sevilla Yevgen Konoplyanka
57%
16/17 8 Paris Benjamin Stambouli
56%
15/16 9,5 Man City Matija Nastasic
55%
13/14 10 AC Mailand Kevin-Prince Boateng
52%
05/06 6,9 Stuttgart Kevin Kuranyi
48%
18/19 10 Real Madrid Omar Mascarell
48%
13/14 8 Mainz Ádám Szalai
45%
15/16 6 Bremen Franco di Santo
45%
13/14 3,25 Bochum Leon Goretzka
42%
04/05 4 Stuttgart Marcelo Bordon
42%
16/17 4 FC Sevilla Coke
41%
07/08 5 Basel Ivan Rakitic
41%
99/00 8,5 Stand. Lüttich Emile Mpenza
39%
09/10 3 Aachen Lewis Holtby
39%
08/09 5,5 Twente Orlando Engelaar
35%
18/19 6 Lille Hamza Mendyl
31%
02/03 6,25 Bremen Frank Rost
30%
15/16 5 Nürnberg Alessandro Schöpf
27%
17/18 4,5 Frankfurt Bastian Oczipka
26%
15/16 4,5 Ludogorets Junior Caicara
24%
05/06 5 Coritiba FC Rafinha
24%
12/13 4 Hoffenheim Chinedu Obasi
23%
07/08 3 Botafogo Ze Roberto
22%
02/03 7 Kopenhagen Christian Poulsen
21%
02/03 4 Penarol (URU) Dario Rodriguez
21%
01/02 5,1 Rostock Victor Agali
20%
11/12 3,8 Mainz Christian Fuchs
17%
17/18 3,5 Deportivo Pablo Insua
17%
07/08 3,5 Danubio (URU) Carlos Grossmüller
15%
18/19 3,2 Union Berlin Steven Skrzybski
15%
98/99 3,5 Trabzonspor Hami Mandirali
8%
99/00 3,4 Twente Nils Kamphuis
7%
01/02 4,8 Boca Juniors Anibal Matellan
6%
10/11 3 CFR Cluj Ciprian Derac
1%
Keine übereinstimmenden Quizze gefunden
Verteilung der Resultate
Anzahl Personen mit jedem Resultat
Perzentil nach korrekt beantworteten Fragen
Ihre Resultats-Entwicklung
Sie haben dieses Quiz seit der letzten Aktualisierung nicht gespielt